MARC details
| 000 -LÍDER |
| campo de controle de tamanho fixo |
01936nam a2200325 4500 |
| 001 - NÚMERO DE CONTROLE |
| campo de controle |
163 |
| 003 - IDENTIFICADOR DO NÚMERO DE CONTROLE |
| campo de controle |
OSt |
| 005 - DATA E HORÁRIO DA ÚLTIMA TRANSAÇÃO |
| campo de controle |
20250528074013.0 |
| 008 - CAMPO DE DADOS FIXOS--INFORMAÇÃO GERAL |
| campo de controle de tamanho fixo |
250129b |||||||g |||| 00| 1 eng d |
| 020 ## - ISBN - INTERNATIONAL STANDARD BOOK NUMBER |
| ISBN - International Standard Book Number |
9788599296516 |
| 040 ## - FONTE DA CATALOGAÇÃO |
| Idioma da catalogação |
por |
| 041 ## - CÓDIGO DE IDIOMA |
| Código do idioma do original e/ou traduções intermediárias do texto |
eng |
| Código do idioma do texto/trilha sonora ou título diferente |
por |
| 082 ## - CDD - CLASSIFICAÇÃO DECIMAL DE DEWEY |
| Número de Classificação |
813 |
| Número do exemplar |
C655n |
| 100 1# - ENTRADA PRINCIPAL--NOME PESSOAL |
| Nome pessoal |
Coben, Harlan, |
| Datas associadas ao nome |
1962- |
| 9 (RLIN) |
309 |
| 240 ## - TÍTULO UNIFORME |
| Título uniforme |
Tell no one |
| 245 ## - TÍTULO |
| Título |
Não conte a ninguém / |
| Indicação de responsabilidade, etc. |
Coben, Harlan ; Tradução de Ivo Korytowski |
| 260 ## - PUBLICAÇÃO, DISTRIBUIÇÃO, ETC. |
| Local de publicação, distribuição, etc. |
Rio de Janeiro |
| Nome do editor, distribuidor, etc. |
Sextante |
| Data da publicação, distribuição, etc. |
2009 |
| 300 ## - DESCRIÇÃO FÍSICA |
| Extensão |
251 p. |
| 520 ## - NOTA DE RESUMO, ETC. |
| Resumo, etc. |
Há oito anos, enquanto comemoravam o aniversário de seu primeiro beijo, o Dr. David Beck e sua esposa, Elizabeth, sofreram um terrível ataque. Ele foi golpeado e caiu no lago, inconsciente. Ela foi raptada e brutalmente assassinada por um serial killer. O caso volta à tona quando a polícia encontra dois corpos enterrados perto do local do crime, junto com o taco de beisebol usado para nocautear David. Ao mesmo tempo, o médico recebe um misterioso e-mail, que, aparentemente, só pode ter sido enviado por sua esposa. Esses novos fatos fazem ressurgir inúmeras perguntas sem respostas: Como David conseguiu sair do lago? Elizabeth está viva? E, se estiver, de quem era o corpo enterrado oito anos antes? Por que ela demorou tanto para entrar em contato com o marido? Na mira do FBI como principal suspeito da morte da esposa e caçado por um perigosíssimo assassino de aluguel, David Beck contará apenas com o apoio de sua melhor amiga, a modelo Shauna, da célebre advogada Hester Crimstein e de um traficante de drogas para descobrir toda a verdade e provar sua inocência.<br/> |
| 650 #0 - ASSUNTO--TERMO TÓPICO |
| Cabeçalho tópico ou nome geográfico |
Literatura Americana |
| 9 (RLIN) |
84 |
| 650 #0 - ASSUNTO--TERMO TÓPICO |
| Cabeçalho tópico ou nome geográfico |
Serial Killer |
| 9 (RLIN) |
157 |
| 650 #0 - ASSUNTO--TERMO TÓPICO |
| Cabeçalho tópico ou nome geográfico |
Crime e Investigação |
| 9 (RLIN) |
13 |
| 650 #0 - ASSUNTO--TERMO TÓPICO |
| Cabeçalho tópico ou nome geográfico |
Mistério |
| 9 (RLIN) |
42 |
| 650 #0 - ASSUNTO--TERMO TÓPICO |
| Cabeçalho tópico ou nome geográfico |
Suspense |
| 9 (RLIN) |
10 |
| 650 #0 - ASSUNTO--TERMO TÓPICO |
| Cabeçalho tópico ou nome geográfico |
Filme |
| 9 (RLIN) |
26 |
| 655 #0 - TERMO DE ÍNDICE--GÊNERO E FORMA |
| Gênero/forma/ou termo foco |
Romance |
| 655 #0 - TERMO DE ÍNDICE--GÊNERO E FORMA |
| Gênero/forma/ou termo foco |
Ficção |
| 700 ## - ENTRADA ADICIONADA - NOME PESSOAL |
| Nome pessoal |
Ivo Korytowski |
| Função do autor por extenso |
Tradutor |
| 9 (RLIN) |
310 |
| 942 ## - ELEMENTOS DE ENTRADA ADICIONADOS (KOHA) |
| Fonte de classificação ou esquema de arquivamento |
Classificação decimal de Dewey |
| Ocultar no OPAC |
Não |
| Tipo de material Koha |
Livros |